logo

Bir Sreshtho Munshi Abdur Rouf Library
Jhenaidah Cadet College

এ যুগের বিজ্ঞান / (Record no. 1154)

MARC details
000 -LEADER
fixed length control field 00707nam a22002297a 4500
001 - CONTROL NUMBER
JCCL Control Number 1154
003 - CONTROL NUMBER IDENTIFIER
JCCL marc code BD-JhCC
005 - DATE AND TIME OF LATEST TRANSACTION
control field 20171031201544.0
008 - FIXED-LENGTH DATA ELEMENTS--GENERAL INFORMATION
fixed length control field 171015s1981 bg ||||| |||| 00| 0 ben d
020 ## - INTERNATIONAL STANDARD BOOK NUMBER
International Standard Book Number 9841315688
035 ## - SYSTEM CONTROL NUMBER
system control number (BD-JhCC)1154
040 ## - CATALOGING SOURCE
Original cataloging agency BD-JhCC
Modifying agency BD-JhCC
041 ## - LANGUAGE CODE
Language code of Book ben
082 ## - DEWEY DECIMAL CLASSIFICATION NUMBER
Classification number 500
Author mark and Year MUT 1981
100 ## - MAIN ENTRY--PERSONAL NAME
Personal name মুতী, আবদুল্লাহ আল
245 ## - TITLE STATEMENT
Title এ যুগের বিজ্ঞান /
Statement of responsibility, etc আবদুল্লাহ আল মুতী
260 ## - PUBLICATION, DISTRIBUTION, ETC. (IMPRINT)
Place of publication, distribution, etc ঢাকাঃ
Name of publisher, distributor, etc মুক্তধারা প্রকাশনী,
Date of publication, distribution, etc 1981
300 ## - PHYSICAL DESCRIPTION
Pagination 144 p. :
Dimensions 21 cm.
650 ## - SUBJECT ADDED ENTRY--TOPICAL TERM
Topical term or geographic name as entry element Science
General subdivision Juvenile literature.
942 ## - ADDED ENTRY ELEMENTS (KOHA)
Source of classification or shelving scheme Dewey Decimal Classification
Koha item type Books
Holdings
Source of classification or shelving scheme Damaged status Not for loan Home library Current library Shelving location Date of accession Cost, normal purchase price Total Checkouts Full call number Barcode Date last seen Copy number Koha item type Source of acquisition
Dewey Decimal Classification     JCC Rouf Library JCC Rouf Library General Stacks 10/15/2017 100.00   500 MUT 1981 2121 10/15/2017 C-1 Books  
Dewey Decimal Classification     JCC Rouf Library JCC Rouf Library Reference 10/31/2017 100.00   500 MUT 1981 2968 10/31/2017 C-2 Books Foundation of Tenth's Efforts
Dewey Decimal Classification     JCC Rouf Library JCC Rouf Library   11/06/2017     500 MUT 1981 4327 11/06/2017 C-3 Books Zahedee Foundation

JCC Library | Contacts | JCC Home

Last Update on 23 September 2017
Copyright @ 2017-2020 JCC Rouf Library
Rouf Library, Jhenidah Cadet College (JCC), Bangladesh